Production/Operations Management
Gespeichert in:
| 1. Verfasser: | |
|---|---|
| Format: | Buch |
| Sprache: | Englisch |
| Veröffentlicht: |
Homewood
Irwin
1990
|
| Ausgabe: | 3. ed. |
| Schlagworte: | |
| Tags: |
Keine Tags, Fügen Sie das erste Tag hinzu!
|
MARC
| LEADER | 00000nam a2200000 4500 | ||
|---|---|---|---|
| 001 | c002981 | ||
| 005 | 20221206123033.3 | ||
| 020 | |a 0-256-08029-1 | ||
| 041 | 0 | |a eng | |
| 044 | |a US | ||
| 245 | 1 | 0 | |a Production/Operations Management |c William Stevenson |
| 250 | |a 3. ed. | ||
| 264 | 1 | |a Homewood |b Irwin |c 1990 | |
| 300 | |a 929 s. | ||
| 610 | 2 | 0 | |a výroba |
| 610 | 2 | 0 | |a manažment |
| 610 | 2 | 0 | |a rozhodovanie |
| 610 | 2 | 0 | |a prognózovanie |
| 610 | 2 | 0 | |a systémy výrobné |
| 610 | 2 | 0 | |a kontrola |
| 610 | 2 | 0 | |a plánovanie |
| 100 | 1 | |a Stevenson, William | |